000 00420nam a2200157Ia 4500
008 180921t xxu||||| |||| 00| 0 sin d
041 _asin
080 _a637.7 SRI L
_bNKA
245 _aහාවන් ඇති කිරිම
246 _aHavan athi kirima
300 _a9p., ill.,6s22 cm
650 _aAnimal husbandry
_aLivestock
_aHare
942 _cBK
999 _c17801
_d17801
003 LK-CoDNM
040 _aLK-CoDNM
_dLK-CoDNM
_eLK-CoDNM